000 00388nam a2200157Ia 4500
008 160316s1967 xxu||||| |||| 00| 0 eng d
082 _a342.730200
_bPAD
100 _aPadover Saul K
245 _aThe living U S constitution
250 _a
260 _aDelhi
_bAtmaram & Sons
_c1967
300 _a176p
_b
_c
365 _bRs.3/-
650 _a1.Constitutional Law - U S A
700 _a
_a
999 _c6903
_d6903